00306nam a22000977a 4500082001700000100001500017245004000032942000700072999001700079952011200096 a621.38152BHA aBhatia C M aPower electronics laboratory manual cBK c15244d15244 001040708REFaREFbREFd2016-02-01g45.00l0o621.38152BHA (Shelf - 52E)p14200r2016-02-01 00:00:00yBK